000 01066cam a2200205 4500
001 WB3816-27
008 020501n2002 000 0 eng u
035 _a(Sirsi) u117811
245 _aSurveyors welcome tenancy research
260 _c2002
490 _aRICS Press Release
_v(pr052) 1 May 2002, (2)
520 _aRICS has played a central role in DEFRA commissioned research on the Agricultural Tenancies Act 1995, and welcomes its publication. The research carried out by Plymouth University has emphasised the need to evaluate the role played by farm business tenancies agreements in land tenure since 1995. "Economic evaluation of the Agricultural Tenancies Act 1995" is available from the DEFRA website at http://www.defra.gov.uk/esg/economics/econeval/ata1995/index.htm. http://www.rics.org/ricscms/bin/show?class=PressRelease&template=/includes/showpr.html&id=728
590 _aWB
650 _aAGRICULTURAL TENANCIES ACT 1995
650 _aRICS
650 _aFARM BUSINESS TENANCIES
650 _aDEFRA
690 _aRural
_96268
942 _n0
999 _c70155
_d70155